Hành chính nhà nước và công nghệ hành chính

Spremljeno u:
Bibliografski detalji
Autor kompanije: Học Viện Hành Chính Quốc Gia
Format: Knjiga
Jezik:Undetermined
Izdano: Hà Nội Giáo dục 2006
Teme:
Oznake: Dodaj oznaku
Bez oznaka, Budi prvi tko označuje ovaj zapis!
Thư viện lưu trữ: Trung tâm Học liệu Trường Đại học Cần Thơ
LEADER 00599nam a2200193Ia 4500
001 CTU_129705
008 210402s9999 xx 000 0 und d
020 |c 40000 
082 |a 351.597 
082 |b H419/P2 
110 |a Học Viện Hành Chính Quốc Gia 
245 0 |a Hành chính nhà nước và công nghệ hành chính 
245 0 |c Học Viện Hành Chính Quốc Gia 
260 |a Hà Nội 
260 |b Giáo dục 
260 |c 2006 
650 |a Public administration 
904 |i Bằng 
980 |a Trung tâm Học liệu Trường Đại học Cần Thơ